| 000 | 00753nam a2200289Ia 4500 | ||
|---|---|---|---|
| 005 | 20250425161858.0 | ||
| 008 | 250425s9999 xx 000 0 und d | ||
| 020 | _a9589042392 | ||
| 041 | _aspa | ||
| 043 | _ack | ||
| 082 | _a658.4012 | ||
| 100 | _aDAVID, FRED R. | ||
| 245 | 0 | _aLA GERENCIA ESTRATEGICA | |
| 250 | _a7A ED. | ||
| 260 | _aBOGOTA | ||
| 260 |
_aColombia _bLEGIS FONDO EDITORIAL _c1992 |
||
| 300 | _a370 | ||
| 500 | _aTÃtulo Traducido: CONCEPTS OF STRATEGICS MANAGEMENT | ||
| 650 | _aESTRATEGIAS COMPETITIVAS | ||
| 650 | _aESTRATEGIAS PARA TRIUNFAR | ||
| 650 | _aGERENCIA | ||
| 650 | _aPLANIFICACION ESTRATEGICA | ||
| 700 |
_aEDUARDO CALADO NOGUERA _etraductor |
||
| 710 | _aLEGIS | ||
| 942 | _c01 | ||
| 010 | _a33429 | ||
| 999 |
_c218013 _d218013 |
||